Elogio y nostalgia de toledo /

Guardado en:
Autor Principal: Marañón, G.
Formato: Libro
Publicado: Madrid : Espasa Calpe, 1951
Edición:2a. ed.
Materias:
Etiquetas: Agregar Etiqueta
Sin Etiquetas, Sea el primero en etiquetar este registro!
LEADER 00509nam a22001935a 4500
001 CEM.cems004147
005 20060216000000.0
008 130507s1951##################000#0#####d
003 CEMS
082 0 4 |a 946 
100 1 |a Marañón, G. 
245 1 0 |a Elogio y nostalgia de toledo / 
250 |a 2a. ed. 
260 |a Madrid :  |b Espasa Calpe,  |c 1951 
300 |a 200 p. 
653 |a España-toledo 
653 |a Historia 
653 |a Historia de españa 
859 |a CEMS  |b BIB. CEMS - 11 de abril  |h 946  |i M325a2  |p 10433.81  |t Ej.1